<?xml version="1.0" encoding="UTF-8"?>
<record
    xmlns:xsi="http://www.w3.org/2001/XMLSchema-instance"
    xsi:schemaLocation="http://www.loc.gov/MARC21/slim http://www.loc.gov/standards/marcxml/schema/MARC21slim.xsd"
    xmlns="http://www.loc.gov/MARC21/slim">

  <leader>03158namaa2200481uu 4500</leader>
  <controlfield tag="001">doab70854</controlfield>
  <controlfield tag="003">oapen</controlfield>
  <controlfield tag="005">20260305123950.0</controlfield>
  <controlfield tag="006">m     o  d        </controlfield>
  <controlfield tag="007">cr|mn|---annan</controlfield>
  <controlfield tag="008">210618s2016    xx |||||o     ||| 0|eng d</controlfield>
  <datafield tag="020" ind1=" " ind2=" ">
    <subfield code="a">9780198754855</subfield>
  </datafield>
  <datafield tag="020" ind1=" " ind2=" ">
    <subfield code="a">acprof:oso/9780198754855.001.0001</subfield>
  </datafield>
  <datafield tag="024" ind1="7" ind2=" ">
    <subfield code="a">10.1093/acprof:oso/9780198754855.001.0001</subfield>
    <subfield code="2">doi</subfield>
  </datafield>
  <datafield tag="040" ind1=" " ind2=" ">
    <subfield code="a">oapen</subfield>
    <subfield code="c">oapen</subfield>
  </datafield>
  <datafield tag="041" ind1="0" ind2=" ">
    <subfield code="a">eng</subfield>
  </datafield>
  <datafield tag="042" ind1=" " ind2=" ">
    <subfield code="a">dc</subfield>
  </datafield>
  <datafield tag="072" ind1=" " ind2="7">
    <subfield code="a">PSB</subfield>
    <subfield code="2">bicssc</subfield>
  </datafield>
  <datafield tag="720" ind1="1" ind2=" ">
    <subfield code="a">Clarke, Steve</subfield>
    <subfield code="4">edt</subfield>
  </datafield>
  <datafield tag="245" ind1="0" ind2="0">
    <subfield code="a">The Ethics of Human Enhancement</subfield>
    <subfield code="b">Understanding the Debate</subfield>
  </datafield>
  <datafield tag="260" ind1=" " ind2=" ">
    <subfield code="a">Oxford</subfield>
    <subfield code="b">Oxford University Press</subfield>
    <subfield code="c">2016</subfield>
  </datafield>
  <datafield tag="300" ind1=" " ind2=" ">
    <subfield code="a">1 online resource</subfield>
  </datafield>
  <datafield tag="336" ind1=" " ind2=" ">
    <subfield code="a">text</subfield>
    <subfield code="b">txt</subfield>
    <subfield code="2">rdacontent</subfield>
  </datafield>
  <datafield tag="337" ind1=" " ind2=" ">
    <subfield code="a">computer</subfield>
    <subfield code="b">c</subfield>
    <subfield code="2">rdamedia</subfield>
  </datafield>
  <datafield tag="338" ind1=" " ind2=" ">
    <subfield code="a">online resource</subfield>
    <subfield code="b">cr</subfield>
    <subfield code="2">rdacarrier</subfield>
  </datafield>
  <datafield tag="506" ind1="0" ind2=" ">
    <subfield code="a">Free-to-read</subfield>
    <subfield code="f">Unrestricted online access</subfield>
    <subfield code="2">star</subfield>
  </datafield>
  <datafield tag="520" ind1=" " ind2=" ">
    <subfield code="a">We humans can enhance some of our mental and physical abilities above the normal upper limits for our species with the use of particular drug therapies and medical procedures. We will be able to enhance many more of our abilities and be able to do so in more ways in the not-too-distant future. Some commentators have welcomed the prospect of human enhancement technologies becoming widely used, while others have viewed it with alarm and have made clear that they find human enhancement morally objectionable. Unfortunately the debate over the ethics of human enhancement appears to have reached an impasse, with proponents and opponents of human enhancement drawing on different intellectual traditions, relying on different methodologies and 'talking past one another'. In order to move this debate forward, we need either to find new ways of understanding the current debate or to develop new ways of thinking about the ethics of human enhancement. In this volume leading philosophers and bioethicists invite us to adopt new ways to think about the ongoing debate, either by drawing on work in psychology that helps to explain common reactions to the prospect of human enhancement or by finding points of comparison between the current debate about the ethics of human enhancement and other academic debates, such as the debate about justice for people with disabilities. Other contributors offer original lines of argument about the ethics of human enhancement and seek to take that debate in new directions.</subfield>
  </datafield>
  <datafield tag="540" ind1=" " ind2=" ">
    <subfield code="a">All rights reserved</subfield>
    <subfield code="u">http://oapen.org/content/about-rights</subfield>
  </datafield>
  <datafield tag="546" ind1=" " ind2=" ">
    <subfield code="a">English</subfield>
  </datafield>
  <datafield tag="650" ind1=" " ind2="7">
    <subfield code="a">Biochemistry</subfield>
    <subfield code="2">bicssc</subfield>
  </datafield>
  <datafield tag="653" ind1=" " ind2=" ">
    <subfield code="a">drug therapies, intellectual traditions, bioethicists, philosophers, human enhancement, people with disabilities</subfield>
  </datafield>
  <datafield tag="720" ind1="1" ind2=" ">
    <subfield code="a">Clarke, Steve</subfield>
    <subfield code="4">oth</subfield>
  </datafield>
  <datafield tag="720" ind1="1" ind2=" ">
    <subfield code="a">Coady, C.A.J. (Tony)</subfield>
    <subfield code="4">edt</subfield>
  </datafield>
  <datafield tag="720" ind1="1" ind2=" ">
    <subfield code="a">Coady, C.A.J. (Tony)</subfield>
    <subfield code="4">oth</subfield>
  </datafield>
  <datafield tag="720" ind1="1" ind2=" ">
    <subfield code="a">Giubilini, Alberto</subfield>
    <subfield code="4">edt</subfield>
  </datafield>
  <datafield tag="720" ind1="1" ind2=" ">
    <subfield code="a">Giubilini, Alberto</subfield>
    <subfield code="4">oth</subfield>
  </datafield>
  <datafield tag="720" ind1="1" ind2=" ">
    <subfield code="a">Sanyal, Sagar</subfield>
    <subfield code="4">edt</subfield>
  </datafield>
  <datafield tag="720" ind1="1" ind2=" ">
    <subfield code="a">Sanyal, Sagar</subfield>
    <subfield code="4">oth</subfield>
  </datafield>
  <datafield tag="720" ind1="1" ind2=" ">
    <subfield code="a">Savulescu, Julian</subfield>
    <subfield code="4">edt</subfield>
  </datafield>
  <datafield tag="720" ind1="1" ind2=" ">
    <subfield code="a">Savulescu, Julian</subfield>
    <subfield code="4">oth</subfield>
  </datafield>
  <datafield tag="793" ind1="0" ind2=" ">
    <subfield code="a">DOAB Library.</subfield>
  </datafield>
  <datafield tag="856" ind1="4" ind2="0">
    <subfield code="u">https://directory.doabooks.org/handle/20.500.12854/70854</subfield>
    <subfield code="7">0</subfield>
    <subfield code="z">Free-to-read: DOAB: description of the publication</subfield>
  </datafield>
  <datafield tag="999" ind1=" " ind2=" ">
    <subfield code="c">92982</subfield>
    <subfield code="d">92982</subfield>
  </datafield>
</record>
